Baychara Kissan : (Record no. 142840)

MARC details
000 -LEADER
fixed length control field 00563nam a22001817a 4500
005 - DATE AND TIME OF LATEST TRANSACTION
control field 20170725171350.0
010 ## - LCCN (DPL NO)
LC control number ENG-119391
020 ## - INTERNATIONAL STANDARD BOOK NUMBER
International Standard Book Number 9788170547471
Terms of availability 1500.00
035 ## - SYSTEM CONTROL NUMBER
System control number EN-102923
037 ## - SOURCE OF ACQUISITION
Source of stock number/acquisition DBAD/PUB
082 ## - DEWEY DECIMAL CLASSIFICATION NUMBER
Classification number 338.10954
245 ## - TITLE STATEMENT
Title Baychara Kissan :
Statement of responsibility, etc compiled by Randhir Singh
Remainder of title hapless farmer /
260 ## - PUBLICATION, DISTRIBUTION, ETC. (IMPRINT)
Place of publication, distribution, etc New Delhi
Name of publisher, distributor, etc Classical Publishing Company
Date of publication, distribution, etc 2016
270 ## - ADDRESS
Address 28 Shopping Center Karampura
City New Delhi
Postal code 110015
300 ## - PHYSICAL DESCRIPTION
Extent xvi,400p.
Dimensions 22cm(Hb)
700 ## - ADDED ENTRY--PERSONAL NAME
Personal name Randhir Singh
942 ## - ADDED ENTRY ELEMENTS (KOHA)
Source of classification or shelving scheme Dewey Decimal Classification
Item type English Books
Classification part 338.10954
Call number suffix RAN
Holdings
Withdrawn status Lost status Not for loan Collection code Home library Current library Date acquired Source of acquisition Cost, normal purchase price Full call number Barcode Copy number Cost, replacement price Koha item type
    Not For Loan Non-fiction D.B.Act.Division Bawana 25/07/2017 DBAD/PUB 1500.00 338.10954 RAN EN-102923 1 1500.00 English Books

© Delhi Public Library
Hit Counter
free hit counter